000 00963pam a2200277 a 4500
999 _c11002
_d11002
001 3504924
003 OSt
005 20191224135910.0
008 950426s1996 njua b 001 0 eng
010 _a 95012846
020 _a9788177583823
040 _aDLC
_cDLC
_dDLC
050 0 0 _aHB172.5
_b.F76 1996
082 0 0 _a339
_220
_bFRO/M
100 _a Froyen, Richard T
_9713
245 1 0 _aMacroeconomics, theories & policies /
_cRichard T. Froyen.
246 3 _aMacroeconomics, theories and policies
250 _a8th ed.
260 _aNew Jersy :
_bPrentice Hall,
_c2011.
300 _a528 p. :
_bcol. ill. ;
_c25 cm.
504 _aIncludes bibliographical references and index.
650 0 _aMacroeconomics.
906 _a7
_bcbc
_corignew
_d1
_eocip
_f19
_gy-gencatlg
942 _2ddc
_cBK
_h339
_iFRO/M
_k339
_mFRO/M